Online Catalogue and eLibrary

Tharathawadaye abhiyoga (Record no. 2369)

MARC details
000 -LEADER
fixed length control field 00420nam a2200157Ia 4500
005 - DATE AND TIME OF LATEST TRANSACTION
control field 20250616001223.0
008 - FIXED-LENGTH DATA ELEMENTS--GENERAL INFORMATION
fixed length control field 240331s9999 xx 000 0 und d
020 ## - INTERNATIONAL STANDARD BOOK NUMBER
ISBN 9559638505
082 ## - DDC Classification
Item Number - Author Mark BAL
Class No. 322
100 ## - MAIN ENTRY--PERSONAL NAME
Personal name Balasuriya,A.S
245 #0 - TITLE STATEMENT
Title Tharathawadaye abhiyoga
260 ## - PUBLICATION, DISTRIBUTION, ETC.
Place of publication, distribution, etc. Maharagama
Name of publisher, distributor, etc. Janaka printers
Date of publication, distribution, etc. 1998
300 ## - PHYSICAL DESCRIPTION
Extent (e.g. Volumes, Pages etc.) 165 p .,
500 ## - GENERAL NOTE
General note The vision Strategies and its the way the pages look
942 ## - Koha item type (Biblio)
Koha item type Books in Stacks (Lending)
Holdings
Lost status Damaged status Collection code Home library Current library Shelving location Date acquired Full call number Accession Number Item type
    Lending WERC Library WERC Library Social Science Cupboard 03/31/2024 322.4 BAL 2839 Books in Stacks (Lending)

© WERC Library